000 00801nam a2200325 a 4500
003 AR-BaBNM
005 20251128210907.0
008 082120s2002 ||||||||||||||000 | spa||
020 _a84-249-2508-4
040 _cAR-BaBNM
100 0 _aPolibio
245 0 0 _aHistorias
_blibros V-XV
260 _aMadrid
_bGredos
_c2000
300 _a605 p.
490 0 _aBiblioteca básica Gredos
_vv. 43
650 4 _aHISTORIA ANTIGUA
650 4 _aHISTORIADORES
650 4 _aCULTURA
650 4 _aHUMANIDADES
650 4 _aGRIEGO
650 4 _aLATIN
650 4 _aHISTORIOGRAFIA
650 4 _aHISTORIA MILITAR
650 4 _aPOLITICA MILITAR
650 4 _aGEOGRAFIA HISTORICA
653 _aGRECIA ANTIGUA
700 1 _aBalasch Recort, Manuel
_etraductor
942 _cBK
998 _cMARTIN
999 _c17333
_d17333